Đường thi tuyển dịch; T1
Đã lưu trong:
| 格式: | 图书 |
|---|---|
| 语言: | Undetermined |
| 出版: |
Huế
Thuận Hóa
1997
|
| 主题: | |
| 标签: |
添加标签
没有标签, 成为第一个标记此记录!
|
| Thư viện lưu trữ: | Trung tâm Học liệu Trường Đại học Cần Thơ |
|---|
| LEADER | 00474nam a2200169Ia 4500 | ||
|---|---|---|---|
| 001 | CTU_39242 | ||
| 008 | 210402s9999 xx 000 0 und d | ||
| 020 | |b 85.000đ | ||
| 082 | |a 895.11 | ||
| 082 | |b Đ561/T1 | ||
| 245 | 0 | |a Đường thi tuyển dịch; T1 | |
| 260 | |a Huế | ||
| 260 | |b Thuận Hóa | ||
| 260 | |c 1997 | ||
| 650 | |a chinese poetry - collections,t'ang poems | ||
| 904 | |i Minh, 001103 | ||
| 980 | |a Trung tâm Học liệu Trường Đại học Cần Thơ | ||